Maktub (Record no. 4863)

MARC details
000 -CABECERA
campo de control de longitud fija 02347cam a2200325 i 4500
001 - NÚMERO DE CONTROL
campo de control 991107356186106196
005 - FECHA Y HORA DE LA ÚLTIMA TRANSACCIÓN
campo de control 20251120123909.0
008 - DATOS DE LONGITUD FIJA--INFORMACIÓN GENERAL
campo de control de longitud fija 240220s2024 nyu e 000 j eng d
020 ## - NÚMERO INTERNACIONAL ESTÁNDAR DEL LIBRO
Número Internacional Estándar del Libro 9780063346543
035 ## - NÚMERO DE CONTROL DEL SISTEMA
Número de control de sistema (OCoLC)1422572926
Número de control cancelado/no válido (OCoLC)1382385284
-- (OCoLC)1414654936
-- (OCoLC)1416719046
-- (OCoLC)1422583627
-- (OCoLC)1423519269
-- (OCoLC)1424477026
-- (OCoLC)1424628913
035 ## - NÚMERO DE CONTROL DEL SISTEMA
Número de control de sistema (OCoLC)on1422572926
040 ## - FUENTE DE LA CATALOGACIÓN
Centro/agencia transcriptor tbs
041 1# - CÓDIGO DE LENGUA
Código de lengua del texto/banda sonora o título independiente eng
Código de lengua original por
050 #4 - SIGNATURA TOPOGRÁFICA DE LA BIBLIOTECA DEL CONGRESO
Número de clasificación PQ9698.13.O3546
Número de documento/Ítem M3513 2024
100 ## - ENTRADA PRINCIPAL--NOMBRE DE PERSONA
Nombre de persona Coelho, Paulo
Término indicativo de función/relación author
9 (RLIN) 12718
240 10 - TÍTULO UNIFORME
Título uniforme Maktub.
Lenguaje de la obra English
245 10 - MENCIÓN DE TÍTULO
Título Maktub
Resto del título : an inspirational companion to The Alchemist
Mención de responsabilidad, etc. / Paulo Coelho ; translated from the Portuguese by Margaret Jull Costa.
250 ## - MENCIÓN DE EDICIÓN
Mención de edición First HarperOne hardcover.
264 #1 - PRODUCCIÓN, PUBLICACIÓN, DISTRIBUCIÓN, FABRICACIÓN Y COPYRIGHT
Producción, publicación, distribución, fabricación y copyright New York, NY :
Nombre del de productor, editor, distribuidor, fabricante HarperOne, an imprint of HarperCollins Publishers,
Fecha de producción, publicación, distribución, fabricación o copyright 2024.
300 ## - DESCRIPCIÓN FÍSICA
Extensión xi, 205 pages ;
Dimensiones 21 cm
520 ## - SUMARIO, ETC.
Sumario, etc. Uncover timeless wisdom and unlock your spiritual journey with an insightful and inspiring collection of short stories and fables by Paulo Coelho—international bestselling and prize-winning author of The Alchemist<br/><br/>A thought-provoking companion to the landmark literary classic The Alchemist comes Maktub (meaning "it is written"), a stunning collection that invites readers to reflect, rediscover, and find inspiration in life's quiet moments. Perfect for seekers of personal growth, divine faith, healing, and transformation, this national bestseller—from profoundly beloved and bestselling author Paulo Coelho—comes a variety of parables and stories pulled from Coelho's celebrated daily columns. As he explains, “Maktub is not a book of advice—but an exchange of experiences.”<br/><br/>Each story—brief yet mighty—delivers lessons rooted in universal truths, weaving together spirituality, humanity, and self-reflection. Drawn from Coelho's experiences with spiritual leaders, friends, and cultural teachings, these stories are crafted to resonate with readers from all walks of life.
546 ## - NOTA DE LENGUA/LENGUAJE
Nota de lengua/lenguaje In English ; translated from the Portuguese.
650 #0 - PUNTO DE ACCESO ADICIONAL DE MATERIA--TÉRMINO DE MATERIA
Término de materia o nombre geográfico como elemento de entrada Spiritual life
Subdivisión de forma Fiction
9 (RLIN) 26172
650 #0 - PUNTO DE ACCESO ADICIONAL DE MATERIA--TÉRMINO DE MATERIA
Término de materia o nombre geográfico como elemento de entrada Parables
Subdivisión de forma Fiction
9 (RLIN) 26173
650 #0 - PUNTO DE ACCESO ADICIONAL DE MATERIA--TÉRMINO DE MATERIA
Término de materia o nombre geográfico como elemento de entrada Conduct of life
Subdivisión general Fiction
9 (RLIN) 11285
650 #0 - PUNTO DE ACCESO ADICIONAL DE MATERIA--TÉRMINO DE MATERIA
Término de materia o nombre geográfico como elemento de entrada God
Subdivisión de forma Fiction
9 (RLIN) 26558
655 #0 - TÉRMINO DE INDIZACIÓN--GÉNERO/FORMA
Datos o término principal de género/forma Short stories
9 (RLIN) 22375
700 ## - ENTRADA AGREGADA--NOMBRE PERSONAL
Nombre de persona Costa, Margaret Jull
Término indicativo de función/relación translator
9 (RLIN) 23308
942 ## - ELEMENTOS DE ENTRADA AGREGADA (KOHA)
Fuente del sistema de clasificación o colocación Clasificación de Library of Congress
Holdings
Estado de retiro Estado de pérdida Fuente del sistema de clasificación o colocación Estado dañado No para préstamo Biblioteca de origen Biblioteca actual Fecha de adquisición Total de préstamos Signatura topográfica completa Código de barras Fecha visto por última vez Número de copia Precio válido a partir de Tipo de ítem Koha
    Clasificación de Library of Congress     TBS Barcelona TBS Barcelona 26/08/2025   P-EN COE B07694 26/08/2025 1 26/08/2025 Book
    Clasificación de Library of Congress     TBS Barcelona TBS Barcelona 20/11/2025   P-EN COE B05615 20/11/2025 2 20/11/2025 Book

Powered by Koha